Asia-Pacific tropical forestry: ecological disaster or sustainable growth
| Main Author: | |
|---|---|
| Format: | Book |
| Published: |
Bangkok :
Regional Office for Asia and the Pacific ,
1994
|
| Series: | RAPA publication 1994/18
|
| Subjects: |
MARC
| LEADER | 00000cam a2200000 7i4500 | ||
|---|---|---|---|
| 001 | 0000001490 | ||
| 005 | 20020711.0 | ||
| 090 | 0 | 0 | |a FAO634.9095 |b RAO 1994 |
| 100 | 1 | 0 | |a RAO |h Yadama Sudhakara |
| 245 | 1 | 0 | |a Asia-Pacific tropical forestry: ecological disaster or sustainable growth |c Y. S. Rao |
| 260 | 0 | 0 | |a Bangkok : |b Regional Office for Asia and the Pacific , |c 1994 |
| 300 | |a 66 p. : |b col. ill. ; |c 30 cm. | ||
| 440 | 0 | 0 | |a RAPA publication 1994/18 |
| 650 | 0 | 0 | |a Forests and forestry |z Asia |
| 998 | |a JPSM | ||
| 999 | |a 0000002502 |b Monograph |c Open Shelf |e Default branch | ||